UBT Library

Physics for Engineers and Scientists (Record no. 53578)

000 -LEADER
fixed length control field 00282nam a22001217a 4500
008 - FIXED-LENGTH DATA ELEMENTS--GENERAL INFORMATION
fixed length control field 181220b xxu||||| |||| 00| 0 eng d
041 ## - LANGUAGE CODE
Language code of text/sound track or separate title eng
080 ## - UNIVERSAL DECIMAL CLASSIFICATION NUMBER
Edition identifier 2nd
Universal Decimal Classification number 530
100 ## - Rafti
Rafti 43
101 ## - Shkurtesa
Shkurtesa FIZ
245 ## - TITLE STATEMENT
Title Physics for Engineers and Scientists
Statement of responsibility, etc Fowler,R.G
942 ## - ADDED ENTRY ELEMENTS (KOHA)
Source of classification or shelving scheme
Item type Books
Holdings
Withdrawn status Lost status Source of classification or shelving scheme Damaged status Not for loan Collection code Permanent location Current location Shelving location Date acquired Total Checkouts Full call number Barcode Date last seen Price effective from Koha item type
          Koleksioni i përgjithshem UBT - Lipjan UBT - Lipjan Koleksioni i përgjithshem 12/20/2018   530 FOW 002-3022003 12/20/2018 12/20/2018 Books
UBT Library © 2015-2024. All rights reserved University Education for Business and Technology